Statistics for 2020 NFL QB/WR Duo

Click here to take the quiz!

General Stats

  • This quiz has been taken 217 times
    (163 since last reset)
  • The average score is 53 of 64

Answer Stats

TeamsPlayers% Correct
Arizona CardinalsKyler Murray
99%
Atlanta FalconsMatt Ryan
99%
DeAndre Hopkins
98%
Buffalo BillsJosh Allen
98%
Keenan Allen
98%
Washintgon Football TeamKyle Allen
98%
Baltimore RavensLamar Jackson
98%
New York GiantsDaniel Jones
97%
Julio Jones
97%
A.J. Brown
95%
Cincinnati BengalsJoe Burrow
95%
Marquise Brown
95%
Detroit LionsMatthew Stafford
95%
Stefon Diggs
94%
DaVante Adams
93%
Green Bay PackersAaron Rodgers
92%
Dallas CowboysDak Prescott
92%
Los Angeles RamsJared Goff
92%
Minnesota VikingsKIrk Cousins
92%
Seattle SeahawksRussell Wilson
92%
New England PatriotsCam Newton
91%
Denver BroncosDrew Lock
91%
Tyreek Hill
91%
Amari Cooper
90%
Cleveland BrownsBaker Mayfield
90%
Kansas City ChiefsPatrick Mahomes
90%
Tampa Bay BuccarneersTom Brady
90%
Oakland RaidersDerek Carr
89%
Houston TexansDeshaun Watson
89%
New Orleans SaintsDrew Brees
89%
Los Angeles ChargersJustin Herbert
89%
Tennesse TitansRyan Tannehill
89%
Cooper Kupp
88%
MIchael Thomas
88%
Mike Evans
88%
Odell Beckham Jr.
88%
Pittsburgh SteelersBen Roethlisberger
87%
Adam Thielen
86%
Philadelphia EaglesCarson Wentz
86%
San Francisco 49ersJimmy Garoppolo
86%
Juju Smith-Schuster
86%
Tyler Lockett
84%
D.J. Moore
83%
New York JetsSam Darnold
83%
Indianapolis ColtsPhillip Rivers
82%
Tyler Boyd
78%
Courtland Sutton
77%
Miami DolphinsRyan Fitzpatrick
77%
Carolina PanthersTeddy Bridgewater
77%
Terry McLaurin
77%
Allen Robinson
76%
Jacksonville JaguarsGardner Minshew
76%
Kenny Golladay
73%
Chicago BearsNick Foles
72%
T.Y. Hilton
72%
Will Fuller V
67%
D.J. Chark
64%
Julian Edelman
63%
Henry Ruggs III
59%
Alshon Jeffery
51%
Darius Slayton
51%
Jamison Crowder
50%
Brandon Aiyuk
47%
DeVante Parker
29%

Score Distribution

Percentile by Number Answered

Percent of People with Each Score

Your Score History

You have not taken this quiz since the last reset